[Event "II Festival A"]
[Site "Letojanni ITA"]
[Date "2002.12.22"]
[Round "2"]
[White "Alibrandi, Alfredo"]
[Black "Messina, Elia"]
[Result "0-1"]
[WhiteElo "1693"]
[BlackElo "2147"]
[PlyCount "138"]
[EventDate "2002.12.21"]

1. d4 d5 2. c4 e6 3. Nc3 c6 4. Nf3 Nf6 5. cxd5 exd5 6. Bg5 Be7 7. Qc2 h6 8. Bh4
O-O 9. e3 Nbd7 10. Bd3 Re8 11. O-O Ne4 12. Bxe7 Qxe7 13. Rab1 a5 14. a3 Kh8 15.
b4 axb4 16. axb4 Ra3 17. Rb3 Rxb3 18. Qxb3 Ndf6 19. Re1 Ng4 20. Nd1 Ng5 21. Be2
Qd6 22. g3 Ne4 23. Bf1 Qf6 24. Bg2 h5 25. Qb2 g5 26. h3 Nh6 27. Ne5 g4 28. h4
Qg7 29. Nd3 Nf5 30. Nf4 Nf6 31. b5 Nd6 32. bxc6 Nc4 33. Qb4 bxc6 34. Nb2 Nxb2
35. Qxb2 Qh7 36. Rc1 Bd7 37. Qc2 Rb8 38. Qxh7+ Kxh7 39. Nd3 Rb6 40. Ne5 Kg7 41.
Bf1 Be8 42. Rc2 Ne4 43. Be2 f6 44. Nd3 Bg6 45. Nf4 Nxg3 46. Nxg6 Nxe2+ 47. Rxe2
Kxg6 48. Kg2 Kf5 49. f3 gxf3+ 50. Kxf3 Rb1 51. Rf2 c5 52. dxc5 Rc1 53. Ke2+ Ke5
54. Rg2 Rxc5 55. Kf3 Rc4 56. Kg3 Rg4+ 57. Kh3 Rxg2 58. Kxg2 Ke4 59. Kf2 f5 60.
Ke2 d4 61. exd4 Kxd4 62. Kf3 Ke5 63. Ke3 f4+ 64. Ke2 Ke4 65. Kf2 f3 66. Kf1 Kf4
67. Kf2 Kg4 68. Kf1 Kxh4 69. Kf2 Kg4 0-1

[Event "II Festival A"]
[Site "Letojanni ITA"]
[Date "2002.12.22"]
[Round "2"]
[White "Bondielli, Giorgio"]
[Black "Cappadona, Salvatore"]
[Result "1-0"]
[WhiteElo "2006"]
[BlackElo "2192"]
[PlyCount "151"]
[EventDate "2002.12.21"]

1. e4 d6 2. d4 Nf6 3. Bd3 e5 4. c3 Nc6 5. Ne2 Be7 6. O-O O-O 7. f4 Bg4 8. d5
Nb8 9. h3 Bxe2 10. Qxe2 exf4 11. Bxf4 Nbd7 12. Nd2 Ne5 13. Bxe5 dxe5 14. Nc4
Bd6 15. Kh1 a6 16. Qf3 Ne8 17. Qh5 g6 18. Qf3 f6 19. Qg4 Ng7 20. Ne3 Bc5 21.
Qe2 Nh5 22. Kh2 Nf4 23. Qd2 Bxe3 24. Qxe3 Qd6 25. g3 Nh5 26. Be2 Ng7 27. c4 b6
28. Rac1 Rab8 29. b3 f5 30. c5 bxc5 31. Qxc5 fxe4 32. Qxc7 Qa3 33. Rc2 Nf5 34.
Qxe5 Rbe8 35. Qc3 Qd6 36. Qc7 Qa3 37. Bc4 Nd6 38. Rcf2 Rxf2+ 39. Rxf2 e3 40.
Re2 Nxc4 41. Qxc4 Qd6 42. Kg2 a5 43. Qc6 Qe5 44. d6 Rf8 45. d7 Qf5 46. Qc4+ Kg7
47. Qd4+ Kg8 48. Kh2 Rd8 49. Qxe3 Qxd7 50. Qc3 Qf5 51. Qc4+ Qf7 52. Rf2 Qxc4
53. bxc4 Rc8 54. Rc2 Kf7 55. Kg2 Ke6 56. Kf3 Ke5 57. Ke3 Rc6 58. Kd3 Rf6 59.
Re2+ Kd6 60. Kd4 Rf1 61. Re3 Rf2 62. a3 Rd2+ 63. Kc3 Rg2 64. g4 h5 65. gxh5
gxh5 66. Rf3 h4 67. Kd4 Rb2 68. Rf6+ Ke7 69. Rh6 Rg2 70. Rxh4 Rb2 71. Re4+ Kd6
72. c5+ Kd7 73. h4 Rh2 74. Kd5 Rd2+ 75. Rd4 Rf2 76. Ke5+ 1-0

[Event "II Festival A"]
[Site "Letojanni ITA"]
[Date "2002.12.22"]
[Round "2"]
[White "Bonetti, Carlo"]
[Black "Motzer, Heinrich"]
[Result "1/2-1/2"]
[WhiteElo "1778"]
[BlackElo "2044"]
[PlyCount "50"]
[EventDate "2002.12.21"]

1. e4 d5 2. exd5 Qxd5 3. Nc3 Qa5 4. d4 c6 5. Bd2 Nf6 6. Bc4 Bf5 7. Qe2 e6 8.
O-O-O Nbd7 9. Nf3 Bb4 10. Ne5 Nb6 11. Bb3 Nbd5 12. Nxd5 Bxd2+ 13. Qxd2 Qxd2+
14. Rxd2 exd5 15. f3 O-O 16. g4 Be6 17. c3 Rfe8 18. Re2 Nd7 19. Nd3 f6 20. Nf4
Bf7 21. Rhe1 Rxe2 22. Rxe2 Re8 23. Rxe8+ Bxe8 24. Ne6 b6 25. Nc7 Kf7 1/2-1/2

[Event "II Festival A"]
[Site "Letojanni ITA"]
[Date "2002.12.22"]
[Round "2"]
[White "Cacciola, Alfredo"]
[Black "Russo, Alfio"]
[Result "1/2-1/2"]
[WhiteElo "1731"]
[BlackElo "1792"]
[PlyCount "57"]
[EventDate "2002.12.21"]

1. e4 e6 2. d4 d5 3. Nd2 Nf6 4. e5 Nfd7 5. Bd3 c5 6. c3 Nc6 7. Ne2 Qb6 8. Nf3
cxd4 9. cxd4 f6 10. exf6 Nxf6 11. O-O Bd6 12. Nc3 O-O 13. Be3 Bd7 14. Ne5 a6
15. Nxd7 Nxd7 16. Qh5 Nf6 17. Qh3 Rae8 18. Bg5 h6 19. Bxf6 Rxf6 20. Rad1 Ref8
21. Ne2 e5 22. Bb1 Qxb2 23. Qe3 exd4 24. Qd2 Qxd2 25. Rxd2 Bc5 26. g3 Ne5 27.
Kg2 Nc4 28. Rdd1 Nb2 29. Rd2 1/2-1/2

[Event "II Festival A"]
[Site "Letojanni ITA"]
[Date "2002.12.22"]
[Round "2"]
[White "De Propris, Gabriele"]
[Black "Fabiano, Giuseppe"]
[Result "0-1"]
[WhiteElo "1719"]
[BlackElo "2278"]
[PlyCount "54"]
[EventDate "2002.12.21"]

1. e4 c5 2. Nf3 Nc6 3. d4 cxd4 4. Nxd4 e5 5. Nb5 d6 6. N1c3 a6 7. Na3 Be6 8.
Nd5 Nf6 9. Nxf6+ Qxf6 10. g3 h5 11. Bg2 h4 12. Be3 g6 13. c3 O-O-O 14. Qd2 h3
15. Bf1 Qf3 16. Rg1 Qxe4 17. Bd3 Qa4 18. Nc2 d5 19. b3 Qa5 20. b4 Qa4 21. f3 d4
22. Bg5 dxc3 23. Qxc3 Rxd3 24. Qxd3 Bf5 25. Qd5 Qxc2 26. Rd1 Bxb4+ 27. Kf1 Nd4
0-1

[Event "II Festival A"]
[Site "Letojanni ITA"]
[Date "2002.12.22"]
[Round "2"]
[White "Gangemi, Salvatore"]
[Black "Tuttobene, Sergio"]
[Result "1/2-1/2"]
[WhiteElo "2049"]
[BlackElo "2113"]
[PlyCount "139"]
[EventDate "2002.12.21"]

1. c4 e5 2. Nc3 Nf6 3. g3 c6 4. Bg2 Bc5 5. d3 Ng4 6. e3 d6 7. h3 Nf6 8. Nge2 a5
9. O-O O-O 10. a3 Bf5 11. d4 Ba7 12. e4 Bg6 13. Be3 Qe7 14. dxe5 dxe5 15. Bxa7
Rxa7 16. Qc2 Na6 17. Rfd1 Nc5 18. b4 Ne6 19. c5 Raa8 20. f4 exf4 21. gxf4 Bh5
22. e5 Ne8 23. Qd2 Qh4 24. Qe3 Qe7 25. Rf1 Bxe2 26. Nxe2 N6c7 27. Nd4 Rd8 28.
Rad1 Nd5 29. Nf5 Qe6 30. Bxd5 Rxd5 31. Rxd5 cxd5 32. Nd4 Qd7 33. b5 Nc7 34. c6
bxc6 35. bxc6 Qc8 36. f5 Qa6 37. f6 g6 38. Qh6 Ne6 39. Qe3 Qb6 40. Nf5 Qxe3+
41. Nxe3 Nc7 42. Rb1 h6 43. Rb7 Rc8 44. Ra7 d4 45. Nc4 Ne6 46. Nd6 Rxc6 47.
Nxf7 h5 48. Nh6+ Kh8 49. Ra8+ Kh7 50. Nf7 g5 51. Ra7 Kg6 52. Nh8+ Kf5 53. Rxa5
Rc7 54. Kf2 Rh7 55. Ra8 g4 56. f7 gxh3 57. f8=Q+ Nxf8 58. Rxf8+ Kxe5 59. Ng6+
Ke4 60. Re8+ Kd3 61. Nf4+ Kc2 62. Re2+ Kb3 63. Kg3 Kxa3 64. Kxh3 Kb3 65. Rd2
Kc3 66. Rd3+ Kc4 67. Kh4 Rf7 68. Rf3 Rf5 69. Rf2 d3 70. Nxd3 1/2-1/2

[Event "II Festival A"]
[Site "Letojanni ITA"]
[Date "2002.12.22"]
[Round "2"]
[White "Marano, Salvatore"]
[Black "Hocevar, Nikola"]
[Result "1/2-1/2"]
[WhiteElo "1827"]
[BlackElo "2100"]
[PlyCount "109"]
[EventDate "2002.12.21"]

1. e4 c5 2. Nc3 Nc6 3. g3 g6 4. Bg2 Bg7 5. d3 d6 6. Be3 e6 7. Qd2 Rb8 8. Nge2
e5 9. Nd5 Be6 10. O-O Bxd5 11. exd5 Nce7 12. Qd1 Nf6 13. c4 O-O 14. h3 Nf5 15.
Bg5 h6 16. Bd2 Re8 17. Qc2 Qd7 18. Rae1 Kh7 19. Nc3 Nd4 20. Qd1 Re7 21. g4 Ng8
22. Ne4 Rf8 23. g5 f5 24. gxf6 Nxf6 25. Nxf6+ Rxf6 26. Bc3 Rf4 27. Bxd4 cxd4
28. Re4 Ref7 29. Rxf4 Rxf4 30. Kh2 Qf7 31. Qe2 Bf6 32. Be4 Bh4 33. f3 Bg5 34.
Rg1 b6 35. b3 Rh4 36. Rg4 Rxg4 37. fxg4 Qf4+ 38. Kg2 Kg7 39. Qf3 Qd2+ 40. Qf2
Qc1 41. Qf1 Qc3 42. Qe2 Be3 43. Kg3 Qc1 44. Bg2 Qg1 45. Kf3 Qh2 46. Qf1 Bg5 47.
Ke2 Bh4 48. Kd1 Qg3 49. Qe2 Bg5 50. Qf3 Qh2 51. Ke2 Qg1 52. Bf1 Qh2+ 53. Bg2 a5
54. Kd1 Qg1+ 55. Bf1 1/2-1/2

[Event "II Festival A"]
[Site "Letojanni ITA"]
[Date "2002.12.22"]
[Round "2"]
[White "Pircher, Karl"]
[Black "Antoniacci, Riccardo"]
[Result "1/2-1/2"]
[WhiteElo "2058"]
[BlackElo "1927"]
[PlyCount "21"]
[EventDate "2002.12.21"]

1. e4 e6 2. d4 d5 3. e5 c5 4. c3 Nc6 5. Nf3 Nge7 6. Na3 Bd7 7. Nc2 g6 8. Be2
Bg7 9. O-O O-O 10. Be3 cxd4 11. cxd4 1/2-1/2

[Event "II Festival A"]
[Site "Letojanni ITA"]
[Date "2002.12.22"]
[Round "2"]
[White "Rotstein, Arkadij"]
[Black "Chilingirova, Pavlina"]
[Result "1-0"]
[WhiteElo "2544"]
[BlackElo "2216"]
[PlyCount "99"]
[EventDate "2002.12.21"]

1. c4 c5 2. Nf3 Nc6 3. d4 cxd4 4. Nxd4 g6 5. e4 Bg7 6. Be3 Nf6 7. Nc3 O-O 8.
Be2 d6 9. O-O a6 10. f3 h6 11. Qd2 Kh7 12. Rfd1 Rb8 13. Rab1 Bd7 14. Bf1 Nxd4
15. Bxd4 Bc6 16. Qf2 Nd7 17. Bxg7 Kxg7 18. b4 b5 19. cxb5 axb5 20. Ne2 Ne5 21.
Nd4 Bd7 22. Rbc1 Qb6 23. h3 g5 24. Kh2 Ng6 25. Rd2 e5 26. Nb3 Qxf2 27. Rxf2 Rb6
28. Rd2 Be6 29. Na5 Ne7 30. Rc7 Kf6 31. Rb7 Rxb7 32. Nxb7 d5 33. Nc5 Ra8 34.
Bxb5 Ra3 35. exd5 Bxd5 36. Nd7+ Kf5 37. Bd3+ Kf4 38. Bb1 Ke3 39. Rb2 Kd4 40. b5
Ra7 41. Nf6 Kc5 42. b6 Rb7 43. a4 Bc6 44. a5 Rb8 45. Be4 Bxe4 46. Nd7+ Kd6 47.
Nxb8 Bb7 48. a6 Bd5 49. b7 Kc7 50. Nd7 1-0

[Event "II Festival A"]
[Site "Letojanni ITA"]
[Date "2002.12.22"]
[Round "2"]
[White "Trabert, Bettina"]
[Black "Santagati, Alessandro"]
[Result "1-0"]
[WhiteElo "2319"]
[BlackElo "1749"]
[PlyCount "45"]
[EventDate "2002.12.21"]

1. e4 c5 2. Nf3 d6 3. d4 cxd4 4. Nxd4 Nf6 5. Nc3 a6 6. g3 b5 7. Bg2 Bb7 8. a4
b4 9. Nd5 e6 10. Nxf6+ Qxf6 11. O-O Qg6 12. Re1 Nd7 13. Nf5 e5 14. a5 d5 15.
Nh4 Qf6 16. exd5 Bc5 17. Be3 O-O 18. Qd2 Bxe3 19. Rxe3 Qd6 20. Rb3 Rac8 21.
Qxb4 Nc5 22. Rc3 Ne4 23. Qxe4 1-0

[Event "II Festival A"]
[Site "Letojanni ITA"]
[Date "2002.12.22"]
[Round "2"]
[White "Valenti, Giuseppe"]
[Black "Ortega, Lexy"]
[Result "0-1"]
[WhiteElo "2230"]
[BlackElo "2452"]
[PlyCount "84"]
[EventDate "2002.12.21"]

1. e4 c5 2. Nf3 e6 3. Nc3 a6 4. d4 cxd4 5. Nxd4 b5 6. g3 Bb7 7. Bg2 Nf6 8. Qe2
b4 9. Na4 Qa5 10. b3 Nc6 11. Bb2 Nxd4 12. Bxd4 e5 13. Bb2 Bc6 14. O-O-O Be7 15.
f4 d6 16. fxe5 dxe5 17. Rd5 Bxd5 18. exd5 O-O 19. d6 Bxd6 20. Bxa8 Rxa8 21. Rd1
Qc7 22. Qd3 Be7 23. Qf5 Bd6 24. Qd3 Ne8 25. Rd2 a5 26. Re2 Rb8 27. Ba1 f6 28.
Nb2 Qc6 29. Qc4+ Qxc4 30. Nxc4 Bc7 31. c3 Kf7 32. Kc2 Ke6 33. a4 bxa3 34. Nxa3
Nd6 35. c4 Bb6 36. Bc3 Bc5 37. Nb1 a4 38. bxa4 Nxc4 39. Nd2 Ne3+ 40. Kd3 Rd8+
41. Ke4 f5+ 42. Kf3 Rd3 0-1

[Event "II Festival A"]
[Site "Letojanni ITA"]
[Date "2002.12.22"]
[Round "3"]
[White "Antoniacci, Riccardo"]
[Black "Marano, Salvatore"]
[Result "1-0"]
[WhiteElo "1927"]
[BlackElo "1827"]
[PlyCount "57"]
[EventDate "2002.12.21"]

1. e4 Nc6 2. Nf3 d6 3. d4 Nf6 4. Nc3 Bg4 5. Be3 e6 6. Be2 Be7 7. Qd3 Qd7 8. a3
a6 9. h3 Bh5 10. g4 Bg6 11. Nd2 d5 12. Bf3 O-O-O 13. Nb3 e5 14. O-O-O Rhe8 15.
Bg2 Bd6 16. f3 Qe7 17. g5 Nd7 18. Nxd5 Qf8 19. Qc3 Kb8 20. Bf1 exd4 21. Nxd4
Ne7 22. Nxe7 Qxe7 23. Bxa6 Nc5 24. Bb5 c6 25. Bxc6 Rc8 26. Bxe8 Qxe8 27. Qa5
Be5 28. Kb1 Qe7 29. Nb5 1-0

[Event "II Festival A"]
[Site "Letojanni ITA"]
[Date "2002.12.22"]
[Round "3"]
[White "Cappadona, Salvatore"]
[Black "Alibrandi, Alfredo"]
[Result "1-0"]
[WhiteElo "2192"]
[BlackElo "1693"]
[PlyCount "61"]
[EventDate "2002.12.21"]

1. Nf3 Nf6 2. b3 d5 3. Bb2 Bf5 4. g3 e6 5. Bg2 Bd6 6. O-O O-O 7. d3 h6 8. Nbd2
Qe7 9. Nh4 Bh7 10. e4 dxe4 11. dxe4 e5 12. Nf5 Bxf5 13. exf5 c6 14. Re1 Nfd7
15. Nc4 Bc7 16. Ba3 Qf6 17. Bxf8 Kxf8 18. Ne3 Nb6 19. c4 N8d7 20. Qc2 Re8 21.
Rad1 Bd6 22. Ng4 Qe7 23. f6 Nxf6 24. Nxf6 gxf6 25. Qh7 Qc7 26. Qxh6+ Ke7 27.
Rd3 Bb4 28. Red1 a5 29. Be4 Qc8 30. Rf3 Nd7 31. Bf5 1-0

[Event "II Festival A"]
[Site "Letojanni ITA"]
[Date "2002.12.22"]
[Round "3"]
[White "Chilingirova, Pavlina"]
[Black "Cacciola, Alfredo"]
[Result "1-0"]
[WhiteElo "2216"]
[BlackElo "1731"]
[PlyCount "67"]
[EventDate "2002.12.21"]

1. c4 g6 2. d4 d6 3. e4 Nf6 4. Nc3 Bg7 5. g3 O-O 6. Bg2 c5 7. dxc5 dxc5 8. Qxd8
Rxd8 9. e5 Ne8 10. f4 e6 11. Be3 Na6 12. a3 Bf8 13. Nge2 Rb8 14. Nb5 Nac7 15.
Nxa7 b5 16. Kf2 Bb7 17. Bxb7 Rxb7 18. Nxb5 Nxb5 19. cxb5 Rxb5 20. Rad1 Rdb8 21.
Bc1 c4 22. Nc3 Rb3 23. Ne4 c3 24. bxc3 Bxa3 25. Bxa3 Rxa3 26. Rd2 Nc7 27. Rhd1
Nd5 28. c4 Nc3 29. Rd8+ Rxd8 30. Rxd8+ Kg7 31. Nf6 h5 32. h3 Ra2+ 33. Kf3 Rc2
34. g4 1-0

[Event "II Festival A"]
[Site "Letojanni ITA"]
[Date "2002.12.22"]
[Round "3"]
[White "Fabiano, Giuseppe"]
[Black "Rotstein, Arkadij"]
[Result "0-1"]
[WhiteElo "2278"]
[BlackElo "2544"]
[PlyCount "62"]
[EventDate "2002.12.21"]

1. e4 c5 2. Nf3 e6 3. d4 cxd4 4. Nxd4 a6 5. Bd3 g6 6. Nd2 Bg7 7. c3 Ne7 8. O-O
d5 9. Re1 Nbc6 10. N4f3 Qc7 11. Qe2 dxe4 12. Nxe4 O-O 13. Bg5 f6 14. Bh4 Nf5
15. Bg3 e5 16. Bc4+ Kh8 17. Rad1 Nxg3 18. Nxg3 Bd7 19. Bd5 Ne7 20. Bb3 Rad8 21.
Ne4 Bb5 22. c4 Bc6 23. Nc3 Rxd1 24. Rxd1 Rd8 25. Rxd8+ Qxd8 26. Nd5 Nf5 27. g4
Nd6 28. g5 f5 29. h4 e4 30. Ne1 Bxd5 31. cxd5 Qb6 0-1

[Event "II Festival A"]
[Site "Letojanni ITA"]
[Date "2002.12.22"]
[Round "3"]
[White "Hocevar, Nikola"]
[Black "Bonetti, Carlo"]
[Result "1-0"]
[WhiteElo "2100"]
[BlackElo "1778"]
[PlyCount "60"]
[EventDate "2002.12.21"]

1. c4 Nf6 2. Nc3 d6 3. d4 Nbd7 4. e4 e5 5. Nf3 Be7 6. Be2 O-O 7. O-O c6 8. h3
h6 9. Be3 Re8 10. Qd2 Bf8 11. d5 a5 12. b3 Nc5 13. Qc2 g6 14. Rad1 Qc7 15. Nd2
Bg7 16. f4 exf4 17. Bxf4 Qe7 18. Bf3 Nfd7 19. a3 Ne5 20. Be2 g5 21. Bg3 g4 22.
h4 Ng6 23. h5 Ne5 24. Ndb1 Qg5 25. dxc6 bxc6 26. Rxd6 Bf8 27. Rdd1 Nxb3 28.
Qxb3 Bc5+ 29. Kh1 Qxh5+ 30. Bh2 Bd6 1-0

[Event "II Festival A"]
[Site "Letojanni ITA"]
[Date "2002.12.22"]
[Round "3"]
[White "Messina, Elia"]
[Black "Valenti, Giuseppe"]
[Result "1/2-1/2"]
[WhiteElo "2147"]
[BlackElo "2230"]
[PlyCount "76"]
[EventDate "2002.12.21"]

1. e4 c5 2. Nf3 e6 3. d4 cxd4 4. Nxd4 a6 5. Nc3 Qc7 6. Be2 Bb4 7. Qd3 Nf6 8.
O-O Nc6 9. Nxc6 bxc6 10. Bg5 Be7 11. Kh1 Ng4 12. Bxg4 Bxg5 13. f4 Be7 14. Rad1
d6 15. Qg3 O-O 16. f5 Rb8 17. b3 Bf6 18. fxe6 fxe6 19. Ne2 e5 20. c4 Qe7 21.
Qh3 Bb7 22. c5 dxc5 23. Rd7 Qe8 24. Bf5 h6 25. Rf3 Bc8 26. Rc7 Bxf5 27. Qxf5
Bg5 28. Qg4 Rd8 29. h4 Rxf3 30. gxf3 Bf6 31. Ng3 Kh7 32. Nh5 Qg6 33. Qxg6+ Kxg6
34. Nxf6 gxf6 35. Rxc6 Rd1+ 36. Kg2 Rd2+ 37. Kg3 Rxa2 38. Rxc5 h5 1/2-1/2

[Event "II Festival A"]
[Site "Letojanni ITA"]
[Date "2002.12.22"]
[Round "3"]
[White "Motzer, Heinrich"]
[Black "Pircher, Karl"]
[Result "1/2-1/2"]
[WhiteElo "2044"]
[BlackElo "2058"]
[PlyCount "37"]
[EventDate "2002.12.21"]

1. c4 e6 2. Nf3 Nf6 3. d4 d5 4. Bg5 Be7 5. e3 O-O 6. Nc3 h6 7. Bh4 b6 8. Bd3
Bb7 9. O-O c5 10. cxd5 exd5 11. Rc1 Nbd7 12. Qe2 Ne4 13. Bxe7 Qxe7 14. Rfe1 a6
15. Bb1 Nxc3 16. Rxc3 c4 17. Qc2 f5 18. a3 b5 19. b4 1/2-1/2

[Event "II Festival A"]
[Site "Letojanni ITA"]
[Date "2002.12.22"]
[Round "3"]
[White "Ortega, Lexy"]
[Black "Trabert, Bettina"]
[Result "1-0"]
[WhiteElo "2452"]
[BlackElo "2319"]
[PlyCount "45"]
[EventDate "2002.12.21"]

1. Nf3 d5 2. d4 c6 3. c4 e6 4. Qc2 dxc4 5. Qxc4 Nf6 6. Bg5 Be7 7. Nbd2 b6 8.
Qc2 Bb7 9. e4 h6 10. Bh4 g5 11. Bg3 c5 12. Bb5+ Bc6 13. Be2 Kf8 14. dxc5 bxc5
15. Ne5 Bb7 16. O-O Qc8 17. h4 gxh4 18. Bxh4 Nc6 19. Nxc6 Qxc6 20. Qc3 e5 21.
Qxe5 Re8 22. Nc4 Bd8 23. Qd6+ 1-0

[Event "II Festival A"]
[Site "Letojanni ITA"]
[Date "2002.12.22"]
[Round "3"]
[White "Russo, Alfio"]
[Black "Bondielli, Giorgio"]
[Result "1-0"]
[WhiteElo "1792"]
[BlackElo "2006"]
[PlyCount "79"]
[EventDate "2002.12.21"]

1. d4 f5 2. c4 Nf6 3. Nc3 d6 4. Nf3 c6 5. g3 g6 6. Bg2 Bg7 7. O-O O-O 8. Re1
Qc7 9. e4 fxe4 10. Nxe4 Nxe4 11. Rxe4 Bf5 12. Re1 Qd7 13. Qb3 Kh8 14. Bg5 Bf6
15. Rad1 Na6 16. Bh6 Bg7 17. Bxg7+ Kxg7 18. Qe3 Rae8 19. d5 c5 20. Ng5 Nc7 21.
h4 e5 22. dxe6 Nxe6 23. Qe5+ Kg8 24. Rxd6 Nxg5 25. Rxd7 Rxe5 26. Rxe5 Bxd7 27.
hxg5 b6 28. Re7 Rd8 29. Bd5+ Kh8 30. f4 a6 31. Kf2 b5 32. Ke3 bxc4 33. Bxc4 Bb5
34. Be2 c4 35. a4 Bxa4 36. Bxc4 Bb5 37. Bxb5 axb5 38. Rb7 Rd5 39. b4 Kg8 40.
Ke4 1-0

[Event "II Festival A"]
[Site "Letojanni ITA"]
[Date "2002.12.22"]
[Round "3"]
[White "Santagati, Alessandro"]
[Black "Gangemi, Salvatore"]
[Result "0-1"]
[WhiteElo "1749"]
[BlackElo "2049"]
[PlyCount "78"]
[EventDate "2002.12.21"]

1. d4 Nf6 2. Nf3 d5 3. c4 e6 4. Nc3 Be7 5. Bg5 Nbd7 6. cxd5 exd5 7. e3 c6 8.
Bd3 O-O 9. Qc2 h6 10. Bh4 Re8 11. O-O-O Ne4 12. Bxe4 Bxh4 13. Bh7+ Kh8 14. Nxh4
Qxh4 15. Bd3 Qe7 16. g4 Nf6 17. g5 hxg5 18. Rdg1 Ne4 19. Nxe4 dxe4 20. Be2 g6
21. Qc5 Qxc5+ 22. dxc5 Re5 23. b4 a5 24. h4 axb4 25. Rxg5 Rxg5 26. hxg5+ Kg7
27. Kb2 Be6 28. Ra1 Ra5 29. a3 bxa3+ 30. Rxa3 Rxc5 31. Ra7 Rxg5 32. Rxb7 Rg2
33. Kc3 Rxf2 34. Bd1 Bd5 35. Ba4 Ra2 36. Bc2 Ra3+ 37. Kd4 Kf6 38. Rb1 Ke6 39.
Rb4 Kd6 0-1

[Event "II Festival A"]
[Site "Letojanni ITA"]
[Date "2002.12.22"]
[Round "3"]
[White "Tuttobene, Sergio"]
[Black "De Propris, Gabriele"]
[Result "1/2-1/2"]
[WhiteElo "2113"]
[BlackElo "1719"]
[PlyCount "55"]
[EventDate "2002.12.21"]

1. e4 d6 2. d4 e5 3. dxe5 dxe5 4. Qxd8+ Kxd8 5. Bc4 f6 6. f4 Bd6 7. fxe5 Bxe5
8. Nf3 Nd7 9. O-O Ne7 10. Nbd2 Ng6 11. Nb3 c6 12. a4 Kc7 13. c3 Nb6 14. Bf7 Bg4
15. Bxg6 Bxf3 16. Bf5 Be2 17. Re1 Bc4 18. Nd2 Bf7 19. Nf3 Nc4 20. Nd4 Rae8 21.
g3 Nd6 22. Nf3 Nxf5 23. exf5 Bd6 24. Be3 Bd5 25. Nd4 a6 26. Kf2 h5 27. h4 c5
28. Nc2 1/2-1/2

[Event "II Festival A"]
[Site "Letojanni ITA"]
[Date "2002.12.23"]
[Round "4"]
[White "Antoniacci, Riccardo"]
[Black "Tuttobene, Sergio"]
[Result "1-0"]
[WhiteElo "1927"]
[BlackElo "2113"]
[PlyCount "128"]
[EventDate "2002.12.21"]

1. e4 d6 2. d4 e5 3. dxe5 dxe5 4. Qxd8+ Kxd8 5. Bc4 f6 6. Be3 c6 7. a4 Nd7 8.
a5 Bc5 9. Bxc5 Nxc5 10. f3 Ne7 11. b4 Ne6 12. Ne2 Kc7 13. Nbc3 Bd7 14. O-O Rad8
15. Na4 b6 16. axb6+ axb6 17. Rfd1 Bc8 18. b5 Rxd1+ 19. Rxd1 Rd8 20. Ra1 Nd4
21. Nac3 Nxe2+ 22. Bxe2 c5 23. Kf1 Rd4 24. Ke1 Kb7 25. Nd1 Bd7 26. c3 Rd6 27.
Ne3 Be6 28. Bc4 Bxc4 29. Nxc4 Rd3 30. Ra3 Nc8 31. Ke2 Rd8 32. Ra6 Rd7 33. h4
Rd8 34. g3 Rd7 35. f4 exf4 36. gxf4 Re7 37. Ke3 g6 38. Ra1 Kc7 39. e5 fxe5 40.
fxe5 Rf7 41. Ke4 Rf2 42. Kd5 Kd7 43. e6+ Kc7 44. Re1 Rf5+ 45. Ne5 Ne7+ 46. Kc4
Rf4+ 47. Kb3 Rf5 48. Nc6 Nxc6 49. bxc6 Rf8 50. e7 Re8 51. Re6 b5 52. Kc2 c4 53.
Kd2 Kc8 54. Ke3 h6 55. Kd4 g5 56. hxg5 hxg5 57. Kd5 Kc7 58. Re5 g4 59. Ke6 g3
60. Rg5 Kxc6 61. Rxg3 Rh8 62. Rf3 Rh6+ 63. Rf6 Rh8 64. Kf7+ Kd7 1-0

[Event "II Festival A"]
[Site "Letojanni ITA"]
[Date "2002.12.23"]
[Round "4"]
[White "Bondielli, Giorgio"]
[Black "Motzer, Heinrich"]
[Result "1/2-1/2"]
[WhiteElo "2006"]
[BlackElo "2044"]
[PlyCount "52"]
[EventDate "2002.12.21"]

1. e4 d5 2. exd5 Qxd5 3. Nc3 Qa5 4. d4 c6 5. Nf3 Bf5 6. Bd2 e6 7. Bc4 Nf6 8.
Qe2 Nbd7 9. O-O Qc7 10. d5 cxd5 11. Bxd5 Be7 12. Rfe1 O-O 13. Bb3 Rfe8 14. h3
Rad8 15. Nd4 Bc5 16. Be3 Be4 17. Rad1 a6 18. Bg5 Bc6 19. Nxc6 Qxc6 20. Ne4 Be7
21. Nxf6+ Nxf6 22. c3 Qc7 23. Rxd8 Rxd8 24. Rd1 Rxd1+ 25. Qxd1 Qd8 26. Qxd8+
Bxd8 1/2-1/2

[Event "II Festival A"]
[Site "Letojanni ITA"]
[Date "2002.12.23"]
[Round "4"]
[White "Bonetti, Carlo"]
[Black "Alibrandi, Alfredo"]
[Result "0-1"]
[WhiteElo "1778"]
[BlackElo "1693"]
[PlyCount "61"]
[EventDate "2002.12.21"]

1. e4 g6 2. g3 Bg7 3. Bg2 c6 4. c4 d6 5. Nc3 e5 6. Nge2 Ne7 7. d3 O-O 8. Be3 a5
9. b3 Na6 10. Rb1 Be6 11. O-O d5 12. Bc1 d4 13. Na4 b5 14. Nb2 Qd7 15. Bd2 b4
16. Na4 Rab8 17. c5 Nc8 18. f4 f6 19. Rf2 Qe7 20. Qc2 Rb5 21. Rc1 Bd7 22. f5 g5
23. Bf3 Rd8 24. h4 h6 25. hxg5 hxg5 26. Rh2 Be8 27. Bh5 Bxh5 28. Rxh5 Qf7 29.
Kg2 Qxh5 30. g4 Qf7 31. Ng3 0-1

[Event "II Festival A"]
[Site "Letojanni ITA"]
[Date "2002.12.23"]
[Round "4"]
[White "Cacciola, Alfredo"]
[Black "Marano, Salvatore"]
[Result "0-1"]
[WhiteElo "1731"]
[BlackElo "1827"]
[PlyCount "96"]
[EventDate "2002.12.21"]

1. e4 e5 2. Nf3 d5 3. Nxe5 Bd6 4. Ng4 dxe4 5. Ne3 Nf6 6. Nc3 O-O 7. d3 Qe7 8.
dxe4 Nxe4 9. Nxe4 Qxe4 10. Qd3 Qe7 11. Bd2 Nc6 12. O-O-O Nb4 13. Bxb4 Bxb4 14.
Nd5 Qd6 15. Qe4 Bc5 16. Nc3 Qh6+ 17. f4 Bg4 18. Rd5 Rfe8 19. Re5 Rxe5 20. Qxe5
Bd6 21. Qd5 Qxf4+ 22. Kb1 Qe5 23. Bc4 Qxd5 24. Bxd5 c6 25. Be4 Re8 26. h3 Be6
27. Rd1 Be5 28. Ne2 g6 29. Bf3 Kg7 30. Nd4 Bc8 31. b4 f5 32. c4 Re7 33. Kc2 Kf6
34. Nb3 Bc7 35. Nc5 g5 36. b5 Bb6 37. Na4 g4 38. hxg4 fxg4 39. Nxb6 axb6 40.
bxc6 gxf3 41. cxb7 Bxb7 42. gxf3 Bxf3 43. Rd4 Kf5 44. Rd6 Re6 45. Rd7 h5 46. a4
Kf4 47. a5 bxa5 48. c5 Rc6 0-1

[Event "II Festival A"]
[Site "Letojanni ITA"]
[Date "2002.12.23"]
[Round "4"]
[White "Cappadona, Salvatore"]
[Black "De Propris, Gabriele"]
[Result "1-0"]
[WhiteElo "2192"]
[BlackElo "1719"]
[PlyCount "93"]
[EventDate "2002.12.21"]

1. Nf3 Nf6 2. b3 d6 3. d4 Bg4 4. Bb2 e6 5. g3 Be7 6. Bg2 c6 7. O-O Qc7 8. c4
Nbd7 9. Nc3 a6 10. Rc1 c5 11. d5 e5 12. Qc2 Bh5 13. e4 Ng4 14. Rce1 Nh6 15. Bc1
Ng8 16. Kh1 h6 17. Ng1 g5 18. f4 Bg6 19. f5 Bh7 20. h3 Ngf6 21. Be3 Nh5 22. Bf2
Ndf6 23. Rb1 g4 24. h4 Ng7 25. b4 cxb4 26. Qa4+ Nd7 27. Rxb4 O-O 28. Qb3 Rfb8
29. Rb1 b6 30. Nge2 Nxf5 31. exf5 Bxf5 32. Rc1 Bd3 33. Nb5 axb5 34. Qxd3 Rxa2
35. cxb5 Qb7 36. Rxg4+ Kf8 37. Be3 Nf6 38. Bxh6+ Ke8 39. Rgc4 Bd8 40. Bg5 e4
41. Bxe4 Ng4 42. Qd4 Ne5 43. Bxd8 Kxd8 44. R4c2 Ra3 45. Qb4 Re3 46. Qxd6+ Nd7
47. Rc7 1-0

[Event "II Festival A"]
[Site "Letojanni ITA"]
[Date "2002.12.23"]
[Round "4"]
[White "Gangemi, Salvatore"]
[Black "Fabiano, Giuseppe"]
[Result "0-1"]
[WhiteElo "2049"]
[BlackElo "2278"]
[PlyCount "56"]
[EventDate "2002.12.21"]

1. c4 c6 2. Nc3 d5 3. cxd5 cxd5 4. d4 e5 5. dxe5 d4 6. Nb1 Nc6 7. Nf3 Bf5 8.
Bf4 Bc5 9. g3 Nge7 10. Bg2 O-O 11. O-O Qd7 12. a3 a5 13. a4 Ng6 14. Qb3 Rfe8
15. Qb5 Ba7 16. Re1 Be4 17. e6 Rxe6 18. Bh3 f5 19. Bxf5 Bxf5 20. Qxf5 Rf8 21.
Qd3 Nge5 22. Qb3 d3 23. Be3 Rxf3 24. exf3 Nxf3+ 25. Kf1 Nxe1 26. Kxe1 Nd4 27.
Qc4 Nc2+ 28. Kd1 Bxe3 0-1